Studies in dairy economics & statistics (Record no. 20897)

MARC details
000 -LEADER
fixed length control field 00327nam a2200133Ia 4500
082 ## - DEWEY DECIMAL CLASSIFICATION NUMBER
Classification number RP.021;
100 ## - MAIN ENTRY--AUTHOR NAME
Personal name Patel, R.K.
245 #0 - TITLE STATEMENT
Title Studies in dairy economics & statistics
260 ## - PUBLICATION, DISTRIBUTION, ETC. (IMPRINT)
Year of publication 1973
300 ## - PHYSICAL DESCRIPTION
Number of Pages v.p.
650 ## - SUBJECT ADDED ENTRY--TOPICAL TERM
Topical Term DAIRYING - BIBLIOGRAPHY
710 ## - ADDED ENTRY--CORPORATE NAME
Corporate name or jurisdiction name as entry element National Dairy Research Institute, Karnal
942 ## - ADDED ENTRY ELEMENTS (KOHA)
Koha item type Research Reports
Source of classification or shelving scheme Dewey Decimal Classification
Holdings
Withdrawn status Lost status Damaged status Not for loan Collection code Home library Current library Date acquired Bill Date Full call number Accession Number Price effective from Koha item type
      Not For Loan ICSSR Research Project Reports NASSDOC Library NASSDOC Library 08/10/2004 2008-12-30 RP.021; 33379 18/04/2019 Research Reports